000 00895nam a2200229 i 4500
001 82950
003 BD-RjUL
005 20240205122321.0
008 240205s1919 enk 000 1 eng d
035 _a(BD-RjUL)82950
040 _aNNL
_cBNG
_dAZS
_dOCLCG
_beng
041 _aeng
082 _a823
_bMAP 1919
100 1 _aMackenzie, Compton,
_d1883-1972
_911451
245 1 0 _aPoor relations /
_cby Compton Mackenzie.
260 _aLondon :
_bHutchinson,
_c1919.
300 _a314 pages ;
_c19 cm.
500 _aSome of the copies of this book were looted by the Nazis during the Holocaust and reached the National Library as part of the 'Diaspora Treasures project'.
500 _aחלק מהעותקים נבזזו על ידי הנאצים בשואה והגיעו לספרייה הלאומית בעזרת מפעל ‘אוצרות הגולה’.
942 _2ddc
_cBK
990 _auniversities
999 _c82950
_d82950